000 00314nam a22001337a 4500
008 170731b xxu||||| |||| 00| 0 eng d
020 _a9780201357547
041 _aeng
080 _a004
100 _a32
101 _aSHK
245 _aDATA STRUCTURES & ALGORITHM ANALYSIS IN JAVA
_cWEISS,M.A
942 _2udc
_cBK
999 _c22249
_d22249